000 00862pab a2200181 454500
008 180718b2010 xxu||||| |||| 00| 0 eng d
100 _aWeerdt, Joachim De
245 _aMoving out of poverty in Tanzania: evidence from Kagera
260 _c2010
300 _ap.331-49.
362 _aFeb
520 _aThis paper uses linked qualitative and quantitative data to explore the growth trajectories of matched households in the Kagera region of Tanzania, finding that agriculture and trade provided the two main routes out of poverty. The interplay between initial conditions, shocks, networks and experiences of life beyond their village determine whether a person moves out of poverty in the following decade. - Reproduced.
650 _aPoverty - Tanzania
650 _aPoverty
773 _aJournal of Development Studies
908 _aN
909 _a86168
999 _c86168
_d86168